| 000 | 00470ncm a2200181 a 4500 | ||
|---|---|---|---|
| 020 | _a(hb) | ||
| 082 |
_a954 _bCOW _cD |
||
| 100 | 1 |
_aElphinstone, Mountstuart _949812 |
|
| 245 | 1 | _aHistory of India | |
| 250 | _a6th ed. | ||
| 260 |
_aLondon : _bJohn Murray Albemarle Street , _c1874 |
||
| 300 | _a790p. | ||
| 526 |
_a0 _b0 _c0 _d954_000000000000000_COW |
||
| 650 |
_aIndia -- History _96814 |
||
| 650 |
_aMCE _9379 |
||
| 700 |
_aCowell, E. B. _949813 |
||
| 942 |
_2ddc _cBK |
||
| 999 |
_c552571 _d552571 |
||